00345nam a2200109Ia 4500008004100000020002200041040002900063050002600092100004500118245003400163260003800197221216s9999||||xx |||||||||||||| ||und|| a978-0-07-059499-9 cChuka University Library aHG 8054.5 b.H37 2004 aHarrington, Scott E., Gregory R. Niehaus 0aRisk management and insurance aTata McGraw-HillbNew Delhic2004